| 000 | 00502cam a2200193ua 4500 | ||
|---|---|---|---|
| 001 | 7684 | ||
| 008 | 141220n ii |||gr||||Z||||||ben | ||
| 040 | _cMAIN | ||
| 041 | _aben | ||
| 082 | _a891.442 | ||
| 100 |
_aBhattarcharji, S., _eTranslator. |
||
| 245 | 1 |
_aMrichchhakatik _cTranslated by Sukumari Bhattacharji |
|
| 250 | _a3rd. | ||
| 260 |
_aNew Delhi: _bSahitya akademi, _c1990. |
||
| 300 | _a158p. | ||
| 653 | _aEast Indo-European & Celtic literatures | ||
| 653 | _aBengali drama | ||
| 942 | _cBK | ||
| 999 |
_c6806 _d6806 |
||